00499 2200193 4500001002100000005001500021035002000036245002700056100001900083250001200102300002900114260004700143082000800190084001400198020002200212008003900234990001600273990001600289INLIS00000000000194820191017020748 a0010-10190001421 aHans /cRisa Saraswati0 aRisa Saraswati aCet1.-- avi+258 hlm ;c13 x 19 cm aJakarta :bPT. Bukune Kreatif Cipta,c2017 a813 a813 RIS h a978-602-220-216-5191017 | | |  a00000001677 a00000001677